00290nam a2200109Ia 4500008004100000020001400041082000800055100001400063245006200077260003300139365000800172220603s9999 xx 000 0 und d a2582-1512 bCLE aClement I aJournal of Medical Surgical Nursing Practice and Research aGaziabadbMAT journalsc2020 bRs.